00450nam a2200145Ia 4500008004100000020001500041041000800056082001700064100003100081245010200112250000600214260003600220300000800256650004000264210716s2006 xx 000 0 und d a8178296225 aeng a658.406 NILV aNilakant, V;Ramnarayan, S. aChange management: altering mindsets in a global context.bAltering mindsets in a global context. a1 aNew DelhibResponse Booksc2006 a355 aOrganizational Development & Change